000
00230nmm a2200085Ia 4500
008
220120s9999||||xx |||||||||||||||||und||
100
_a
Embedded For You
245
0
_a
Free source and design library inside
260
_a
Embedded for you
999
_c
139946
_d
139946